[Event "Baltic Pearl op 15th"]
[Site "Lazy"]
[Date "2019.06.25"]
[Round "3"]
[White "Plocica, Krzysztof"]
[Black "Hasinski, Krystian"]
[Result "0-1"]
[WhiteElo "1656"]
[BlackElo "1836"]
[PlyCount "66"]
[EventDate "2019.06.23"]
[EventType "swiss"]
[EventRounds "9"]
[EventCountry "POL"]
[SourceTitle "CBM 191 Extra"]
[Source "ChessBase"]
[SourceDate "2019.09.30"]
[SourceVersion "1"]
[SourceVersionDate "2019.09.30"]
[SourceQuality "1"]

1. e4 g6 2. d4 Bg7 3. Nf3 d6 4. Bd3 c5 5. d5 Nd7 6. 0-0 Ne5 7. Nxe5 Bxe5 8. Nd2 Bd7 9. c4 Bg7 10. Rb1 Nf6 11. b3 0-0 12. f4 a6 13. a4 Rb8 14. Bb2 b5 15. axb5 axb5 16. e5 Ne8 17. Qe2 bxc4 18. bxc4 f5 19. Nf3 dxe5 20. Bxe5 Rxb1 21. Rxb1 Nf6 22. Rb7 Re8 23. Qa2 Bc8 24. Rc7 Nd7 25. Qa7 Bxe5 26. Nxe5 Nf6 27. Nc6 Qd6 28. Nxe7+ Rxe7 29. Rxe7 Qxf4 30. Rg7+ Kh8 31. Qf7 Qe3+ 32. Kf1 Qxd3+ 33. Kf2 Ne4+ 0-1

[Event "Lazy op 13th"]
[Site "Lazy"]
[Date "2017.06.29"]
[Round "5"]
[White "Kabacinski, Krzysztof"]
[Black "Plocica, Krzysztof"]
[Result "1/2-1/2"]
[WhiteElo "1556"]
[BlackElo "1489"]
[PlyCount "90"]
[EventDate "2017.06.25"]
[EventType "swiss"]
[EventRounds "9"]
[EventCountry "POL"]
[SourceTitle "EXT 2018"]
[Source "ChessBase"]
[SourceDate "2017.10.13"]
[SourceVersion "1"]
[SourceVersionDate "2017.10.13"]
[SourceQuality "1"]

1. e4 e5 2. Nf3 Nf6 3. Nxe5 d6 4. Nf3 Nxe4 5. Nc3 Nxc3 6. dxc3 Be7 7. Be3 0-0 8. Qd2 Bf5 9. 0-0-0 Nc6 10. h3 Ne5 11. Nd4 Bg6 12. f4 Nc6 13. f5 Nxd4 14. fxg6 Ne6 15. gxh7+ Kxh7 16. Bd3+ Kg8 17. Kb1 Bg5 18. Bxg5 Qxg5 19. Qf2 Qf4 20. Qe2 Qh6 21. Qf3 Nc5 22. Bc4 c6 23. g4 d5 24. Bd3 Nxd3 25. cxd3 Rae8 26. Rhe1 Re6 27. Rxe6 Qxe6 28. Qf2 b6 29. Re1 Qd7 30. Qe3 Rd8 31. Kc2 Kf8 32. Kd2 d4 33. Qxd4 Qxd4 34. cxd4 Rxd4 35. Ke3 c5 36. Rf1 f6 37. g5 Rh4 38. Rf3 Ke7 39. gxf6+ gxf6 40. Kf2 f5 41. Kg3 Rh5 42. Re3+ Kf6 43. Re8 Kg5 44. h4+ Kf6 45. Re2 Rh8 1/2-1/2

[Event "POL-chT U19 2nd League"]
[Site "Iwonicz"]
[Date "2015.08.01"]
[Round "6.8"]
[White "Plocica, Krzysztof"]
[Black "Krzeminski, Sebastian"]
[Result "1/2-1/2"]
[WhiteElo "1324"]
[BlackElo "1815"]
[PlyCount "87"]
[EventDate "2015.07.25"]
[EventType "team-swiss"]
[EventRounds "11"]
[EventCountry "POL"]
[SourceTitle "EXT 2019"]
[Source "ChessBase"]
[SourceDate "2018.10.10"]
[SourceVersion "1"]
[SourceVersionDate "2018.10.10"]
[SourceQuality "1"]
[WhiteTeam "Gliwice Politechnika Slaska U19"]
[BlackTeam "Krakow Wisla U19"]
[WhiteTeamCountry "POL"]
[BlackTeamCountry "POL"]

1. e4 c5 2. Nf3 a6 3. d4 cxd4 4. Nxd4 Nf6 5. Nc3 e5 6. Nf3 Bb4 7. Bd3 d5 8. Qe2 d4 9. a3 Qa5 10. Rb1 Bxc3+ 11. bxc3 Qxc3+ 12. Bd2 Qc7 13. h3 Be6 14. 0-0 h6 15. Rfc1 Nc6 16. c3 Qd7 17. Rb2 Rd8 18. cxd4 Nxd4 19. Nxd4 Qxd4 20. Rc3 b5 21. Qe3 0-0 22. Qxd4 Rxd4 23. Be3 Rd7 24. f3 Rb8 25. Be2 Rdb7 26. Bc5 Rc8 27. Bb4 Ne8 28. Rbc2 Rxc3 29. Rxc3 Bd7 30. Kf2 f6 31. Bd1 Nc7 32. Bb3+ Ne6 33. Rd3 Kh7 34. Rxd7 Rxd7 35. Bxe6 Rc7 36. Kg3 g6 37. h4 h5 38. Kh3 Kg7 39. g4 hxg4+ 40. Kxg4 Rc1 41. Kg3 Rg1+ 42. Kf2 Ra1 43. Bd7 a5 44. Bc5 1/2-1/2